Κατάλογος Βιβλιοθηκών Mediterranean College

Διεθνής Ναυτιλιακή Πολιτική / Γ' Έκδοση (Record no. 3187)

MARC details
000 -LEADER
fixed length control field 01637cam a22001934a 4500
005 - ΗΜΕΡΟΜΗΝΙΑ ΚΑΙ ΩΡΑ ΤΕΛΕΥΤΑΙΑΣ ΕΝΗΜΕΡΩΣΗΣ
Πεδίο ελέγχου 20250605163353.0
008 - FIXED-LENGTH DATA ELEMENTS--GENERAL INFORMATION
Πεδίο ελέγχου σταθερού μήκους 250528s ||||||||||||||||||||||||d
035 ## - SYSTEM CONTROL NUMBER
System control number 17787
020 ## - ISBN
ISBN 9789603519812
040 ## - ΠΗΓΗ ΚΑΤΑΛΟΓΟΓΡΑΦΗΣΗΣ
Φορέας πρωτότυπης καταλογογράφησης MC Athens Campus Library
Γλώσσα καταλογογράφησης Ελληνικά, Μοντέρνα (1453-)
Modifying agency MC Athens Campus Library
Κανόνες περιγραφικής καταλογογράφησης AACR2
245 1# - ΤΙΤΛΟΣ ΚΑΙ ΔΗΛΩΣΗ ΥΠΕΥΘΥΝΟΤΗΤΑΣ
Τίτλος Διεθνής Ναυτιλιακή Πολιτική / Γ' Έκδοση
260 ## - PUBLICATION, DISTRIBUTION, ETC.
Name of publisher, distributor, etc. Σταμούλης Α,
Date of publication, distribution, etc. 2015
300 ## - PHYSICAL DESCRIPTION
Extent 1080
520 ## - SUMMARY, ETC.
Summary, etc. Πρόλογος, Η Οργάνωση της Διεθνούς Κοινωνίας, Ο Ρόλος του Διεθνούς Ναυτιλιακού Οργανισμού (ΙΜΟ) στην Παγκόσμια Εμπορική Ναυτιλία, Ο Ρόλος των Υπόλοιπων Δραστηριοτήτων του ΟΗΕ στην Παγκόσμια Εμπορική Ναυτιλία (Συμμετοχή στις Συνδιασκέψεις οτυ ΙΜΟ), Η Συνδιάσκεψη για το Εμπόριο και την Ανάπτυξη (UNCTAD) και οι Διασκέψεις Πλοίων Γραμμών, Εξελίξεις Ναυτιλιακής Πολιτικής στον Χώρο της Ευρωπαϊκής Ένωσης, Εξελίξεις Ναυτιλιακής Πολιτικής στον Υπόλοιπο Διεθνή Χώρο, Σημασία της Ελληνικής Εμπορικής Ναυτιλίας στην Ελληνική Οικονομία, Το Φαινόμενο του Προστατευτισμού στο Σύγχρονο Διεθνές Εμπόριο, Βιβλιογραφία - Αρθρογραφία.
700 1# - ΠΡΟΣΘΕΤΗ ΑΝΑΓΡΑΦΗ--ΦΥΣΙΚΟ ΠΡΟΣΩΠΟ
Personal name Βλάχος Γ. Π
942 ## - ADDED ENTRY ELEMENTS (KOHA)
Koha item type Books
Holdings
Τύπος τεκμηρίου Βιβλιοθήκη Τρέχουσα τοποθεσία Barcode Αριθμός εισαγωγής Ημερομηνία απόκτησης Ταξιθετικό σύμβολο Αριθμός αντιτύπου Κατάσταση απόσυρσης Κατάσταση χαμένου Κατάσταση κατεστραμμένου Μη δανεισμός Σύνολο δανεισμών Ημερομηνία τελευταίας εμφάνισης Χρονολογία τελευταίου δανεισμού Η τιμή ισχύει από
Books MC Athens Campus Library MC Athens Campus Library 9780000031860 7173 05/06/2025 387.5 VLA 1         2 10/12/2025 27/11/2025 05/06/2025

MC Athens Campus Library
Πατησίων 94 & Κοδριγκτώνος 13, 104 34
Πελλήνης 8 & Πατησίων 107, 112 51
Τ: +30 210 8899600

MC Thessaloniki Campus Library
Ίωνος Δραγούμη 21, 54625 | Ίωνος Δραγούμη 15, 54625
Τ: +30 2310 287779 – Τ: +30 2314 440300